[Event "St Louis Spring B"]
[Site "Saint Louis USA"]
[Date "2019.03.06"]
[Round "5.2"]
[White "Erenburg, Sergey"]
[Black "Baryshpolets, Andrey"]
[Result "0-1"]
[WhiteTitle "GM"]
[BlackTitle "GM"]
[WhiteElo "2576"]
[BlackElo "2589"]
[WhiteFideId "2805642"]
[BlackFideId "14117207"]
[EventDate "2019.03.02"]

1. e4 e5 2. Nf3 Nc6 3. Bb5 a6 4. Ba4 Nf6 5. O-O Nxe4 6. d4 b5 7. Bb3 d5 8. dxe5
Be6 9. Qe2 Nc5 10. Rd1 Nxb3 11. axb3 Be7 12. c4 b4 13. cxd5 Bxd5 14. Qd3 Be6 15.
Qc2 Bd7 16. Nbd2 Qc8 17. Ne4 Nd8 18. Bg5 Bxg5 19. Nfxg5 h6 20. e6 Bxe6 21. Rxd8+
Kxd8 22. Rd1+ Ke8 23. Qc6+ Ke7 24. Qc5+ Ke8 25. Qc6+ Ke7 26. Nxe6 Qxe6 27. Qc5+
Ke8 28. Qxb4 a5 29. Qd4 Kf8 30. Nc5 Qd6 31. Nd7+ Kg8 32. Qg4 Qe6 33. Qxe6 fxe6
34. Nc5 Kf7 35. Rd7+ Kf6 36. f3 Rhd8 37. Ne4+ Kg6 38. Rxc7 Rab8 39. h4 Rxb3 40.
h5+ Kh7 41. Ra7 Rb5 42. Kf2 Rxb2+ 43. Kg3 Rb5 44. Kh4 Kg8 45. Kg4 Kf8 46. Kh4
Rdd5 47. Ra8+ Ke7 48. Ra7+ Kd8 49. g4 Rd7 50. Ra6 Rd3 51. Ra8+ Kc7 52. Ra7+ Kc6
53. Kg3 Rbb3 54. Kf4 Rxf3+ 55. Ke5 Rb5+ 56. Kxe6 Re3 0-1

[Event "St Louis Spring B"]
[Site "Saint Louis USA"]
[Date "2019.03.06"]
[Round "5.3"]
[White "Theodorou, Nikolas"]
[Black "Bai, Jinshi"]
[Result "0-1"]
[WhiteTitle "IM"]
[BlackTitle "GM"]
[WhiteElo "2551"]
[BlackElo "2593"]
[WhiteFideId "4262875"]
[BlackFideId "8602280"]
[EventDate "2019.03.02"]

1. Nf3 Nf6 2. c4 c6 3. g3 d5 4. Bg2 g6 5. O-O Bg7 6. d4 O-O 7. Qb3 Qb6 8. Nc3
Bf5 9. Ne5 Be6 10. Qd1 dxc4 11. Na4 Qd8 12. Nc5 Qc8 13. Qc2 Bh3 14. Qxc4 Bxg2
15. Kxg2 Nbd7 16. Ncd3 Ne4 17. Rd1 Nd6 18. Qa4 Nf5 19. Nxd7 Qxd7 20. Nc5 Qc8 21.
Qc4 Rd8 22. Nb3 b5 23. Qc2 Nxd4 24. Nxd4 Bxd4 25. e3 Bf6 26. Rxd8+ Qxd8 27. e4
Bd4 28. Bh6 c5 29. h4 Qd7 30. Rd1 Qe6 31. b4 Qc4 32. Qxc4 bxc4 33. bxc5 e5 34.
f4 f6 35. fxe5 fxe5 36. Rf1 Rc8 37. c6 c3 38. Rf8+ Rxf8 39. Bxf8 Bb6 40. Ba3 Kf7
41. g4 Ke6 42. Kf3 Bd8 43. Ke2 Bxh4 44. Kd3 Be1 45. c7 Kd7 46. Bd6 h5 47. gxh5
gxh5 48. Bxe5 h4 49. Bd6 Bg3 50. e5 Kc8 51. Bc5 h3 52. e6 Kxc7 53. Bxa7 h2 54.
Bb8+ Kc6 0-1

[Event "St Louis Spring B"]
[Site "Saint Louis USA"]
[Date "2019.03.06"]
[Round "5.4"]
[White "Sorokin, Aleksey"]
[Black "Chirila, Ioan-Cristian"]
[Result "1-0"]
[WhiteTitle "FM"]
[BlackTitle "GM"]
[WhiteElo "2531"]
[BlackElo "2566"]
[WhiteFideId "24176460"]
[BlackFideId "1211668"]
[EventDate "2019.03.02"]

1. d4 Nf6 2. c4 g6 3. Nc3 d5 4. Nf3 Bg7 5. h4 c6 6. cxd5 cxd5 7. Bf4 Nc6 8. e3
O-O 9. Qb3 a6 10. Ne5 Nxe5 11. Bxe5 e6 12. Be2 h5 13. a4 b6 14. g3 Bb7 15. Rc1
Ne8 16. O-O Nd6 17. Qb4 Nf5 18. Bxg7 Kxg7 19. a5 b5 20. Bd3 Ne7 21. Ne2 Nc6 22.
Qe1 Qxa5 23. Qd1 e5 24. Bb1 Qb4 25. dxe5 Nxe5 26. Rc7 Rab8 27. Qc2 Qd2 28. Qxd2
Nf3+ 29. Kg2 Nxd2 30. Rd1 Nc4 31. b3 Nd6 32. Nf4 Rfe8 33. Bxg6 Rbc8 34. Rd7 d4+
35. e4 Rcd8 36. Rxd8 Rxd8 37. Rxd4 Kf6 38. Bxh5 Ke5 39. Rd1 f5 40. f3 fxe4 41.
fxe4 Bxe4+ 42. Bf3 Nf7 43. Re1 Rd2+ 44. Kh3 Nd6 45. Kg4 a5 46. h5 Rh2 47. h6 Kd4
48. Bxe4 Nxe4 49. Nh5 Nf6+ 50. Nxf6 Rxh6 51. Kf5 Kc3 52. Re3+ Kb2 53. g4 Rh2 54.
Nd7 Rh7 55. Nc5 Rf7+ 56. Kg6 Rc7 57. Re5 1-0

[Event "St Louis Spring B"]
[Site "Saint Louis USA"]
[Date "2019.03.06"]
[Round "5.5"]
[White "Mista, Aleksander"]
[Black "Kadric, Denis"]
[Result "1/2-1/2"]
[WhiteTitle "GM"]
[BlackTitle "GM"]
[WhiteElo "2592"]
[BlackElo "2547"]
[WhiteFideId "1110381"]
[BlackFideId "14403803"]
[EventDate "2019.03.02"]

1. e4 d6 2. d4 Nf6 3. Nc3 e5 4. Nf3 Nbd7 5. Bc4 Be7 6. a4 O-O 7. O-O c6 8. h3 h6
9. Re1 Re8 10. Be3 exd4 11. Qxd4 Qa5 12. Bf4 Ne5 13. Be2 Bf8 14. Rad1 Qc7 15.
Bg3 a6 16. Nd2 b5 17. axb5 axb5 18. b4 Bd7 19. Nb3 Rab8 20. f4 Nc4 21. Bxc4 bxc4
22. Qxc4 d5 23. exd5 Rxb4 24. Qd3 cxd5 25. Nxd5 Nxd5 26. Qxd5 Qxc2 27. Qxd7
Rxe1+ 28. Rxe1 Rxb3 29. Bf2 Rd3 30. Qa7 Rd1 31. Rxd1 Qxd1+ 1/2-1/2

[Event "St Louis Spring B"]
[Site "Saint Louis USA"]
[Date "2019.03.07"]
[Round "6.1"]
[White "Steingrimsson, Hedinn"]
[Black "Kadric, Denis"]
[Result "0-1"]
[WhiteTitle "GM"]
[BlackTitle "GM"]
[WhiteElo "2558"]
[BlackElo "2547"]
[WhiteFideId "2300117"]
[BlackFideId "14403803"]
[EventDate "2019.03.02"]

1. d4 d6 2. Nf3 g6 3. c4 Bg7 4. Nc3 Nf6 5. e4 O-O 6. Be2 e5 7. O-O Nc6 8. d5 Ne7
9. Ne1 Nd7 10. Be3 f5 11. f3 f4 12. Bf2 g5 13. Rc1 Ng6 14. Nd3 Nf6 15. c5 Rf7
16. a4 Bf8 17. a5 h5 18. b4 g4 19. cxd6 cxd6 20. Nb5 b6 21. axb6 axb6 22. Rc6
Rb8 23. Qc2 Ne8 24. Bxb6 Rxb6 25. Rxc8 Qd7 26. Ne1 Ne7 27. Rxe8 Qxe8 28. Nc7 Qc8
29. b5 g3 30. Ne6 h4 31. Qd2 Qa8 32. Nd3 Nc8 33. Nb4 Na7 34. Ra1 Qe8 35. Nc6
Nxb5 36. Ned8 Rg7 37. Qa5 gxh2+ 38. Kh1 Qg6 39. Bf1 h3 40. Ra2 Nc3 41. Qxb6 Nxa2
42. Qf2 Nc3 43. Ne6 Nd1 44. Qe2 Qg3 0-1

[Event "St Louis Spring B"]
[Site "Saint Louis USA"]
[Date "2019.03.07"]
[Round "6.2"]
[White "Chirila, Ioan-Cristian"]
[Black "Mista, Aleksander"]
[Result "0-1"]
[WhiteTitle "GM"]
[BlackTitle "GM"]
[WhiteElo "2566"]
[BlackElo "2592"]
[WhiteFideId "1211668"]
[BlackFideId "1110381"]
[EventDate "2019.03.02"]

1. d4 Nf6 2. Bf4 d5 3. e3 e6 4. Nf3 Bd6 5. Bg3 O-O 6. Nbd2 c5 7. c3 Qc7 8. Be2
Nbd7 9. O-O b6 10. c4 Bxg3 11. hxg3 Bb7 12. Rc1 dxc4 13. Bxc4 Rac8 14. Bb5 Qb8
15. Qe2 Rfd8 16. Rfd1 e5 17. Bc4 h6 18. dxc5 Nxc5 19. Nh4 e4 20. Nb3 Rxd1+ 21.
Rxd1 b5 22. Bxb5 Nxb3 23. axb3 Qe5 24. g4 g6 25. Bc4 Kg7 26. g3 Rc7 27. Rd8 Bc8
28. Qd2 Bxg4 29. Ng2 g5 30. Qd4 Rc5 31. b4 Qxd4 32. Rxd4 Rc8 33. Ne1 h5 34. Kg2
h4 35. gxh4 gxh4 36. f3 h3+ 37. Kg3 Rh8 38. Kh2 exf3 39. Rf4 Re8 40. Nxf3 Rxe3
41. Nd4 Kg6 42. Bf1 Bd7 43. Be2 Kg5 44. Rf1 Ng4+ 45. Bxg4 Bxg4 46. Rxf7 Rd3 47.
Rg7+ Kh5 48. Nb5 Kh4 49. Rh7+ Bh5 50. Nc3 Rd2+ 51. Kh1 Rd4 52. b5 Rf4 53. Ne2
Rf1+ 54. Ng1 Rb1 55. Rh8 Kg4 56. Rg8+ Kf4 57. Rg7 Bg4 58. Kh2 Rxb2+ 59. Kh1 Kg3 0-1

[Event "St Louis Spring B"]
[Site "Saint Louis USA"]
[Date "2019.03.07"]
[Round "6.3"]
[White "Bai, Jinshi"]
[Black "Sorokin, Aleksey"]
[Result "1/2-1/2"]
[WhiteTitle "GM"]
[BlackTitle "FM"]
[WhiteElo "2593"]
[BlackElo "2531"]
[WhiteFideId "8602280"]
[BlackFideId "24176460"]
[EventDate "2019.03.02"]

1. d4 Nf6 2. c4 g6 3. Nc3 d5 4. cxd5 Nxd5 5. g3 Bg7 6. Bg2 Nb6 7. Nf3 Nc6 8. O-O
Nxd4 9. Nxd4 Qxd4 10. a4 Qxd1 11. Rxd1 Bxc3 12. bxc3 a5 13. Bf4 c6 14. e4 O-O
15. Bf1 Nd7 16. Be3 b6 17. Rab1 Ra7 18. Bxb6 Nxb6 19. Rxb6 Bg4 20. Rd2 Rc8 21.
e5 Be6 22. f4 Kg7 23. Kf2 f6 24. exf6+ exf6 25. Rd6 Bd5 26. c4 Be4 27. Bg2 Bxg2
28. Kxg2 Re8 29. Rbxc6 Re2+ 30. Kh3 f5 31. c5 Rc2 32. Ra6 Rxa6 1/2-1/2

[Event "St Louis Spring B"]
[Site "Saint Louis USA"]
[Date "2019.03.07"]
[Round "6.4"]
[White "Baryshpolets, Andrey"]
[Black "Theodorou, Nikolas"]
[Result "1-0"]
[WhiteTitle "GM"]
[BlackTitle "IM"]
[WhiteElo "2589"]
[BlackElo "2551"]
[WhiteFideId "14117207"]
[BlackFideId "4262875"]
[EventDate "2019.03.02"]

1. d4 Nf6 2. c4 g6 3. Nc3 Bg7 4. g3 O-O 5. Bg2 d6 6. Nf3 Nc6 7. O-O e5 8. d5 Nb8
9. c5 Ne8 10. cxd6 Nxd6 11. e4 a5 12. Re1 Na6 13. b3 Bd7 14. Bb2 Qe7 15. Rc1
Rae8 16. Qd2 Qd8 17. Na4 b6 18. Ba3 Nb4 19. Bxb4 axb4 20. Qxb4 f5 21. exf5 gxf5
22. Nc3 Rf7 23. Ne2 Ne4 24. Qc4 Bc8 25. Red1 Nd6 26. Qb4 f4 27. gxf4 Bg4 28. Re1
e4 29. Ng5 Rxf4 30. Ne6 Rxe6 31. dxe6 Bxe2 32. Rxe2 Rg4 33. Qd2 Qf6 34. h3 Rg6
35. Qd5 Qf3 36. e7+ Kh8 37. Qa8+ 1-0

[Event "St Louis Spring B"]
[Site "Saint Louis USA"]
[Date "2019.03.07"]
[Round "6.5"]
[White "Kaidanov, Gregory"]
[Black "Erenburg, Sergey"]
[Result "0-1"]
[WhiteTitle "GM"]
[BlackTitle "GM"]
[WhiteElo "2540"]
[BlackElo "2576"]
[WhiteFideId "2008564"]
[BlackFideId "2805642"]
[EventDate "2019.03.02"]

1. Nf3 d5 2. g3 c6 3. Bg2 Bg4 4. O-O Nf6 5. c4 e6 6. d4 Be7 7. Nc3 O-O 8. Ne5
Bh5 9. Qb3 Qb6 10. Bf4 Nbd7 11. Nxd7 Nxd7 12. e4 e5 13. Bxe5 Nxe5 14. dxe5 dxc4
15. Qxc4 Rfd8 16. h3 Rd4 17. Qb3 Rb4 18. Qc2 Rxb2 19. Qc1 Rb4 20. g4 Bg6 21. Rb1
Qd4 22. Ne2 Qxe5 23. Rxb4 Bxb4 24. Qb1 Qe7 25. Rd1 Bc5 26. Nf4 Bb6 27. a4 Re8
28. Qa2 Rd8 29. Rxd8+ Qxd8 30. e5 Qd1+ 31. Bf1 Bb1 32. Qb2 Qc2 33. Qxc2 Bxc2 34.
e6 Kf8 35. exf7 Bb3 36. Nd3 Bxa4 37. Ne5 Bb3 38. Bd3 g6 39. h4 Bd4 40. Nc4 b6 0-1

[Event "St Louis Spring B"]
[Site "Saint Louis USA"]
[Date "2019.03.08"]
[Round "7.1"]
[White "Erenburg, Sergey"]
[Black "Steingrimsson, Hedinn"]
[Result "1-0"]
[WhiteTitle "GM"]
[BlackTitle "GM"]
[WhiteElo "2576"]
[BlackElo "2558"]
[WhiteFideId "2805642"]
[BlackFideId "2300117"]
[EventDate "2019.03.02"]

1. e4 e5 2. Nf3 Nc6 3. Bb5 a6 4. Ba4 Nf6 5. O-O Be7 6. d3 b5 7. Bb3 d6 8. a4 Bd7
9. c3 O-O 10. Bc2 b4 11. Re1 Rb8 12. Nbd2 d5 13. h3 Re8 14. a5 Bf8 15. exd5 Nxd5
16. Ne4 h6 17. Bb3 Be6 18. Ba4 Bd7 19. Bb3 Be6 20. Ba4 Bd7 21. Bd2 Kh8 22. Bb3
Be6 23. Ba4 Bd7 24. Bb3 Be6 25. Bc4 Nf4 26. Bxa6 Nxd3 27. Bg5 hxg5 28. Bxd3 Be7
29. Ng3 Bf6 30. Qe2 bxc3 31. bxc3 Qd5 32. Ne4 g4 33. Nfg5 gxh3 34. Qh5+ Kg8 35.
Nxf6+ gxf6 36. Ne4 Kg7 37. Re3 Ne7 38. Rg3+ Ng6 39. Nxf6 Kxf6 40. Qg5+ Kg7 41.
Bxg6 Kf8 42. Bh7 Red8 43. Qh4 Ke8 44. Be4 Qd6 45. Rd3 Qa6 46. Rad1 Rxd3 47. Bxd3
Qa7 48. Bb5+ Kf8 49. Qh8+ Ke7 50. Qxe5 h2+ 51. Kxh2 Rxb5 52. Qxb5 Qxf2 53. Qg5+
f6 54. Qg3 Qc5 55. Qg7+ Ke8 56. Re1 Qh5+ 57. Kg3 Qf5 58. Qg8+ 1-0

[Event "St Louis Spring B"]
[Site "Saint Louis USA"]
[Date "2019.03.08"]
[Round "7.2"]
[White "Theodorou, Nikolas"]
[Black "Kaidanov, Gregory"]
[Result "1/2-1/2"]
[WhiteTitle "IM"]
[BlackTitle "GM"]
[WhiteElo "2551"]
[BlackElo "2540"]
[WhiteFideId "4262875"]
[BlackFideId "2008564"]
[EventDate "2019.03.02"]

1. d4 d5 2. Nf3 Nf6 3. c4 e6 4. g3 dxc4 5. Bg2 a6 6. O-O Nc6 7. e3 Bd7 8. Qe2
Bd6 9. Qxc4 Rb8 10. Re1 O-O 11. Nbd2 Qe7 12. e4 e5 13. dxe5 Nxe5 14. Nxe5 Qxe5
15. Nf3 Qc5 16. Qxc5 Bxc5 17. Be3 Bxe3 18. Rxe3 Rfe8 19. Nd4 Rbd8 20. Ree1 Ba4
21. e5 Rxd4 22. exf6 Rxe1+ 23. Rxe1 gxf6 24. b3 Bd7 25. Bxb7 Rd2 26. a4 a5 27.
Rc1 Be6 28. Rc5 Bxb3 29. Rxa5 Kg7 30. Ra8 c5 31. a5 Ra2 32. a6 Be6 33. Rd8 c4
34. Rd1 c3 35. Rc1 Bc4 36. Rxc3 1/2-1/2

[Event "St Louis Spring B"]
[Site "Saint Louis USA"]
[Date "2019.03.08"]
[Round "7.3"]
[White "Sorokin, Aleksey"]
[Black "Baryshpolets, Andrey"]
[Result "1/2-1/2"]
[WhiteTitle "FM"]
[BlackTitle "GM"]
[WhiteElo "2531"]
[BlackElo "2589"]
[WhiteFideId "24176460"]
[BlackFideId "14117207"]
[EventDate "2019.03.02"]

1. d4 d5 2. c4 e6 3. Nf3 Nf6 4. Nc3 Be7 5. Bf4 O-O 6. e3 Nbd7 7. c5 Ne4 8. Qc2
f5 9. Ne5 Bf6 10. Nxd7 Bxd7 11. Nxe4 fxe4 12. Qc3 Bg5 13. Be5 Bf6 14. Bf4 Bg5
15. Be5 Bf6 16. Bf4 1/2-1/2

[Event "St Louis Spring B"]
[Site "Saint Louis USA"]
[Date "2019.03.08"]
[Round "7.4"]
[White "Mista, Aleksander"]
[Black "Bai, Jinshi"]
[Result "1/2-1/2"]
[WhiteTitle "GM"]
[BlackTitle "GM"]
[WhiteElo "2592"]
[BlackElo "2593"]
[WhiteFideId "1110381"]
[BlackFideId "8602280"]
[EventDate "2019.03.02"]

1. e4 e5 2. Nf3 Nf6 3. Nxe5 d6 4. Nf3 Nxe4 5. d4 d5 6. Bd3 Be7 7. O-O Bf5 8. Re1
O-O 9. c4 Nc6 10. cxd5 Qxd5 11. Nc3 Nxc3 12. bxc3 Rae8 13. Bf4 Bd8 14. c4 Rxe1+
15. Qxe1 Qd7 16. Bxf5 Qxf5 17. Bg3 Bf6 18. Rd1 Qd7 19. d5 Re8 20. Qd2 Ne5 21.
Bxe5 Bxe5 22. Qa5 Bd6 23. Qxa7 b6 24. Qa6 Bc5 25. Re1 g6 26. Rxe8+ Qxe8 27. Kf1
Qe4 28. Qa4 Qd3+ 29. Ke1 Qb1+ 30. Ke2 Qb2+ 31. Kd3 Qxf2 32. Qe8+ Bf8 33. Qe2 Qc5
34. Nd4 h5 35. Nb3 Qg1 36. h3 Qb1+ 37. Qc2 Qf1+ 38. Qe2 Qf6 39. Qf3 Qb2 40. Qe2
Qf6 41. Qf3 Qb2 42. Qe2 Qf6 1/2-1/2

[Event "St Louis Spring B"]
[Site "Saint Louis USA"]
[Date "2019.03.08"]
[Round "7.5"]
[White "Kadric, Denis"]
[Black "Chirila, Ioan-Cristian"]
[Result "1/2-1/2"]
[WhiteTitle "GM"]
[BlackTitle "GM"]
[WhiteElo "2547"]
[BlackElo "2566"]
[WhiteFideId "14403803"]
[BlackFideId "1211668"]
[EventDate "2019.03.02"]

1. e4 c5 2. Nc3 Nc6 3. Nge2 g6 4. d4 cxd4 5. Nxd4 Bg7 6. Be3 Nf6 7. Bc4 O-O 8.
Bb3 d6 9. f3 Bd7 10. h4 h5 11. Qd2 Rc8 12. Nxc6 bxc6 13. g4 c5 14. Bc4 Rb8 15.
e5 dxe5 16. g5 Ne8 17. Ne4 Nd6 18. Nxd6 exd6 19. Qxd6 Rxb2 20. O-O-O e4 21. Bxc5
Qa5 22. Bd4 Rb6 23. Qc5 Bb5 24. Bxg7 Kxg7 25. Bb3 Qa6 26. fxe4 Rc6 27. Qd4+ Kg8
28. Rh3 Bc4 29. Kb2 Rfc8 30. Rd2 Qb7 31. Kc1 a5 32. Rc3 Bxb3 33. Rxc6 Rxc6 34.
axb3 Qxb3 35. Qd8+ Kh7 36. Qf8 Rxc2+ 37. Rxc2 Qe3+ 38. Kb1 Qb3+ 39. Rb2 Qd3+ 40.
Ka1 Qd1+ 41. Ka2 Qa4+ 42. Qa3 Qxe4 43. Rf2 Kg8 44. Qb3 Qe7 45. Qc4 Qd7 46. Rf4
Qd2+ 47. Ka3 Qd6+ 48. Ka4 Qd7+ 49. Kxa5 Qa7+ 50. Kb5 Qb8+ 51. Kc6 Qc8+ 52. Kd5
Qe6+ 53. Kd4 Qd6+ 54. Ke4 Qe7+ 55. Kf3 Qd7 56. Kg3 Qe7 57. Qc8+ Kh7 58. Qc3 Kg8
59. Rc4 Qd6+ 60. Kf3 Qd5+ 61. Kf2 Qf5+ 62. Kg1 Kh7 63. Kg2 Qd5+ 64. Kf2 Qf5+ 65.
Ke1 Qe6+ 66. Kd2 Qd5+ 67. Kc2 Qf5+ 68. Kb3 Qd5 69. Qf6 Qb5+ 70. Kc3 Qd7 71. Kb4
Qb7+ 72. Kc5 Qc7+ 73. Qc6 Qe5+ 74. Kb6 Qb8+ 75. Qb7 Qd6+ 76. Ka7 Qa3+ 77. Qa6
Qe7+ 78. Kb8 Qf8+ 79. Qc8 Qd6+ 80. Qc7 Qd5 81. Rf4 Kg7 82. Rxf7+ Qxf7 83. Kc8
Kh8 84. Qd8+ Kh7 85. Qd7 Kh8 86. Kd8 Qf8+ 87. Qe8 Kh7 88. Kd7 Qf4 89. Qe7+ Kg8
90. Qd6 Qxh4 91. Qxg6+ Kf8 92. Qh6+ Kg8 93. Qe6+ Kg7 94. Qe5+ Kf7 95. Qe7+ Kg8
96. Qe8+ 1/2-1/2

[Event "St Louis Spring B"]
[Site "Saint Louis USA"]
[Date "2019.03.09"]
[Round "8.1"]
[White "Steingrimsson, Hedinn"]
[Black "Chirila, Ioan-Cristian"]
[Result "1-0"]
[WhiteTitle "GM"]
[BlackTitle "GM"]
[WhiteElo "2558"]
[BlackElo "2566"]
[WhiteFideId "2300117"]
[BlackFideId "1211668"]
[EventDate "2019.03.02"]

1. Nf3 Nf6 2. c4 c5 3. Nc3 d5 4. cxd5 Nxd5 5. e3 Nxc3 6. bxc3 g6 7. Bb5+ Nd7 8.
Ba3 Qc7 9. d4 Bg7 10. Bxc5 b6 11. Bb4 a6 12. Qa4 Bb7 13. Bd3 e5 14. Qc2 Qc6 15.
e4 exd4 16. cxd4 Qxc2 17. Bxc2 Rc8 18. Kd2 Nf6 19. Rhe1 Ng4 20. Re2 a5 21. Ba4+
Kd8 22. Bd6 Ba6 23. Rb1 Bh6+ 24. Ke1 Bxe2 25. Kxe2 Rc4 26. Bb3 Rc6 27. e5 Bf8
28. Ng5 Nh6 29. Bxf8 Rxf8 30. Nxh7 Rh8 31. Ng5 Ke7 32. d5 Rcc8 33. d6+ Kf8 34.
f4 Nf5 35. d7 Rb8 36. Nxf7 Nd4+ 37. Ke3 Nxb3 38. Nxh8 Nc5 39. Nxg6+ Kf7 40. f5 1-0

[Event "St Louis Spring B"]
[Site "Saint Louis USA"]
[Date "2019.03.09"]
[Round "8.2"]
[White "Bai, Jinshi"]
[Black "Kadric, Denis"]
[Result "1/2-1/2"]
[WhiteTitle "GM"]
[BlackTitle "GM"]
[WhiteElo "2593"]
[BlackElo "2547"]
[WhiteFideId "8602280"]
[BlackFideId "14403803"]
[EventDate "2019.03.02"]

1. Nf3 d6 2. d4 g6 3. g3 Bg7 4. Bg2 c5 5. O-O cxd4 6. Nxd4 h5 7. h4 Qb6 8. Nb3
Nc6 9. Nc3 Nf6 10. Bg5 Be6 11. Bxf6 Bxf6 12. Nd5 Bxd5 13. Qxd5 O-O 14. c3 Rfd8
15. a4 e6 16. Qb5 Qc7 17. e4 Rac8 18. Qe2 Qb6 19. Qb5 Qc7 20. Qe2 Qb6 21. Qb5
Qc7 22. Qe2 Qb6 23. Qb5 Qc7 24. Qe2 1/2-1/2

[Event "St Louis Spring B"]
[Site "Saint Louis USA"]
[Date "2019.03.09"]
[Round "8.3"]
[White "Baryshpolets, Andrey"]
[Black "Mista, Aleksander"]
[Result "1/2-1/2"]
[WhiteTitle "GM"]
[BlackTitle "GM"]
[WhiteElo "2589"]
[BlackElo "2592"]
[WhiteFideId "14117207"]
[BlackFideId "1110381"]
[EventDate "2019.03.02"]

1. d4 Nf6 2. c4 g6 3. Nc3 d5 4. cxd5 Nxd5 5. e4 Nxc3 6. bxc3 Bg7 7. Nf3 c5 8.
Be3 Qa5 9. Qd2 Nc6 10. Rb1 a6 11. Rc1 cxd4 12. cxd4 Qxd2+ 13. Kxd2 f5 14. e5 O-O
15. Bc4+ e6 16. Ke2 Bd7 17. h4 Rfc8 18. d5 Na5 19. dxe6 Bc6 20. Bd3 Bd5 21. e7
Nc6 22. Bc5 Nxe5 23. Nxe5 Bxe5 24. h5 Bf6 25. hxg6 hxg6 26. Bb4 Rxc1 27. Rxc1
Re8 28. Rc7 Kf7 29. a3 Bxe7 30. g4 Kf6 31. Rxe7 Rxe7+ 32. Bxe7+ Kxe7 33. gxf5 g5
34. Ke3 Kd6 35. Kd4 b5 36. f6 Bf7 37. Be2 Ke6 38. Kc5 Kxf6 39. Bf3 Be8 40. Kb6
Ke5 41. Kxa6 Kd4 42. Be2 Kc5 43. Ka5 Bc6 44. Bf1 Bd7 45. Be2 1/2-1/2

[Event "St Louis Spring B"]
[Site "Saint Louis USA"]
[Date "2019.03.09"]
[Round "8.4"]
[White "Kaidanov, Gregory"]
[Black "Sorokin, Aleksey"]
[Result "1-0"]
[WhiteTitle "GM"]
[BlackTitle "FM"]
[WhiteElo "2540"]
[BlackElo "2531"]
[WhiteFideId "2008564"]
[BlackFideId "24176460"]
[EventDate "2019.03.02"]

1. Nf3 Nf6 2. g3 g6 3. b3 Bg7 4. Bb2 O-O 5. Bg2 d5 6. c4 Nc6 7. cxd5 Qxd5 8. Nc3
Qh5 9. h3 Rd8 10. Qc1 Be6 11. Na4 Nd7 12. Bxg7 Kxg7 13. Qc3+ f6 14. Rc1 a5 15.
Qe3 Bf7 16. O-O Qb5 17. d4 Nb6 18. Nc5 Nd5 19. Qe4 Rd6 20. Rfe1 b6 21. Na4 Qb4
22. e3 e5 23. Rc4 Qa3 24. dxe5 Re8 25. Qb1 b5 26. exd6 bxc4 27. bxc4 Ndb4 28. d7
Rd8 29. Nc5 Nc2 30. Qxc2 Qxc5 31. Rd1 Be6 32. Nd4 Nxd4 33. exd4 Qb4 34. d5 Bxd7
35. Qd2 Qc5 36. Qd4 Qa3 37. c5 Re8 38. c6 Bf5 39. d6 cxd6 40. Qxd6 Re1+ 41. Kh2
Qxd6 42. Rxd6 Re2 43. g4 Bc8 44. Rd8 Be6 45. Kg3 Rxa2 46. c7 Ra3+ 47. Kh2 Rc3
48. Bd5 Bxg4 49. hxg4 Rxc7 50. Ra8 Rc5 51. Ra7+ Kh8 52. Ra8+ Kg7 53. Ra7+ Kh8
54. Be4 Rg5 55. Bf3 Rc5 56. Kg3 Rb5 57. Be4 Rb3+ 58. f3 Rb5 59. Kf4 Re5 60. Rf7
Re6 61. Bd3 Rd6 62. Ke4 Re6+ 63. Kd5 Rb6 64. Kc5 Re6 65. Bc4 Re3 66. Rxf6 1-0

[Event "St Louis Spring B"]
[Site "Saint Louis USA"]
[Date "2019.03.09"]
[Round "8.5"]
[White "Erenburg, Sergey"]
[Black "Theodorou, Nikolas"]
[Result "1/2-1/2"]
[WhiteTitle "GM"]
[BlackTitle "IM"]
[WhiteElo "2576"]
[BlackElo "2551"]
[WhiteFideId "2805642"]
[BlackFideId "4262875"]
[EventDate "2019.03.02"]

1. e4 e5 2. Nf3 Nc6 3. Bb5 Nf6 4. O-O Nxe4 5. d4 Nd6 6. Bxc6 dxc6 7. dxe5 Nf5 8.
Qxd8+ Kxd8 9. h3 Ke8 10. Nc3 b6 11. Rd1 Bb4 12. Ne2 Be7 13. Bf4 h5 14. a4 Rg8
15. Bg5 f6 16. exf6 gxf6 17. Bf4 c5 18. Ng3 Nxg3 19. Bxg3 Bb7 20. Ne1 Rc8 21.
Kh2 a5 22. f3 Bc6 23. c4 Kf7 24. b3 Rge8 25. Nd3 Bf8 26. Kg1 Re3 27. Bf4 Re7 28.
Rd2 h4 29. Rad1 Kg6 30. Bh2 Kf5 31. Nf4 Bh6 32. Nd5 Bxd5 33. Rxd5+ Kg6 34. Rd7
Re3 35. Rxc7 Rce8 36. Rc6 Rxb3 37. Bc7 Rb2 38. Rxb6 Rc2 39. Kh1 Ree2 40. Bd8
Rcd2 41. Rbb1 Ra2 42. Rd6 Bg7 43. Bxa5 Rxg2 44. Rg1 Rxg1+ 45. Kxg1 Rxa4 46. Be1
Rxc4 47. Kf1 Bh6 48. Rc6 Bg5 49. Ke2 Kf5 50. Kd3 Rc1 51. Bc3 Rd1+ 52. Ke2 Rh1
53. Rxc5+ Kg6 54. Kf2 Rxh3 55. Kg2 Rg3+ 56. Kf2 f5 57. Rc6+ Kf7 58. Be5 f4 59.
Rc4 h3 60. Bxf4 h2 61. Kxg3 h1=Q 62. Bxg5 Qg1+ 63. Kf4 Qh2+ 64. Kf5 Qd6 65. Re4
Qd5+ 66. Kg4 Kg6 67. Be3 Qd7+ 1/2-1/2

[Event "St Louis Spring B"]
[Site "Saint Louis USA"]
[Date "2019.03.10"]
[Round "9.1"]
[White "Theodorou, Nikolas"]
[Black "Steingrimsson, Hedinn"]
[Result "0-1"]
[WhiteTitle "IM"]
[BlackTitle "GM"]
[WhiteElo "2551"]
[BlackElo "2558"]
[WhiteFideId "4262875"]
[BlackFideId "2300117"]
[EventDate "2019.03.02"]

1. d4 Nf6 2. c4 e6 3. g3 Bb4+ 4. Nc3 O-O 5. Bg2 Bxc3+ 6. bxc3 Nc6 7. Nf3 d6 8.
Qd3 Na5 9. Nd2 Qd7 10. O-O Qa4 11. Rb1 c5 12. dxc5 dxc5 13. Nb3 Qxa2 14. Nxc5
Qxc4 15. Qd6 Qxe2 16. Rb2 Qh5 17. Rb5 Nc4 18. Qf4 a6 19. Rb4 Ne5 20. Re1 Neg4
21. h3 Qxc5 22. hxg4 Nd5 23. Qg5 f6 24. Qh5 g6 25. Qh6 Nxb4 26. cxb4 Qxb4 27.
Re4 Qb1 28. Re1 Rf7 29. Be4 Qb4 30. Rd1 Bd7 31. Qf4 Bc6 32. Bxg6 Qxf4 33. Bxf7+
Kxf7 34. Bxf4 Rg8 35. f3 e5 36. Be3 Bxf3 37. Rd6 Rxg4 0-1

[Event "St Louis Spring B"]
[Site "Saint Louis USA"]
[Date "2019.03.10"]
[Round "9.2"]
[White "Sorokin, Aleksey"]
[Black "Erenburg, Sergey"]
[Result "0-1"]
[WhiteTitle "FM"]
[BlackTitle "GM"]
[WhiteElo "2531"]
[BlackElo "2576"]
[WhiteFideId "24176460"]
[BlackFideId "2805642"]
[EventDate "2019.03.02"]

1. e4 c6 2. d4 d5 3. e5 Bf5 4. Nf3 e6 5. Be2 Ne7 6. O-O c5 7. c4 Nbc6 8. Na3 a6
9. dxc5 d4 10. Qa4 Ng6 11. Rd1 Bxc5 12. b4 Ba7 13. c5 O-O 14. Nc4 d3 15. Qb3
Ngxe5 16. Bb2 Nxf3+ 17. Bxf3 Qe7 18. Qc3 f6 19. Nd6 Bg6 20. h4 Ne5 21. Bxb7 Rad8
22. f4 Ng4 23. Bf3 Qxd6 24. Bxg4 Qxf4 25. h5 Qxg4 26. hxg6 Bb8 27. gxh7+ Kh8 28.
Rxd3 Be5 29. Qc2 Bxb2 30. Rxd8 Bd4+ 0-1